University Home | Library Home | Institutional Repository

Evangelio ifyo alembelwe kuli Yoani Mutakatifu. (Record no. 188887)

MARC details
000 -LEADER
fixed length control field 00750cam9a220020500 4500
001 - CONTROL NUMBER
control field tmp15962866
003 - CONTROL NUMBER IDENTIFIER
control field UPRA
005 - DATE AND TIME OF LATEST TRANSACTION
control field 20190830111036.0
008 - FIXED-LENGTH DATA ELEMENTS--GENERAL INFORMATION
fixed length control field 951116s1932 za bem u
035 ## - SYSTEM CONTROL NUMBER
System control number (Sirsi) r27223
035 ## - SYSTEM CONTROL NUMBER
System control number (UPRA)tmp15962866
040 ## - CATALOGING SOURCE
Transcribing agency UPRA
130 0# - MAIN ENTRY--UNIFORM TITLE
Uniform title Bible. N.T. John. Bemba.
Name of part/section of a work Bible. N.T. John. Bemba.
-- Bible. N.T. John. Bemba.
Language of a work Bible. N.T. John. Bemba.
245 10 - TITLE STATEMENT
Title Evangelio ifyo alembelwe kuli Yoani Mutakatifu.
260 ## - PUBLICATION, DISTRIBUTION, ETC.
Place of publication, distribution, etc. Bangweolo :
Name of publisher, distributor, etc. White Fathers : Vicariate Apostolic of Bangweolo,
-- White Fathers : Vicariate Apostolic of Bangweolo,
Date of publication, distribution, etc. 1932.
500 ## - GENERAL NOTE
General note "Gospel according to St. John."
710 2# - ADDED ENTRY--CORPORATE NAME
Corporate name or jurisdiction name as entry element White Fathers.
Linkage A51103.1
949 ## - LOCAL PROCESSING INFORMATION (OCLC)
a BS325
w lcc
i -28444
m MAIN
t BOOK
l ON-SHELF

No items available.

© 2026 - The University of Zambia Library - Koha v25.11